[Event "XXVI Ciudad de Linares"]
[Site "Linares"]
[Date "2009.03.02"]
[Round "10"]
[White "Anand, Viswanathan"]
[Black "Dominguez Perez, Leinier"]
[Result "1/2-1/2"]
[WhiteElo "2791"]
[BlackElo "2717"]
[PlyCount "69"]
[EventDate "2009.??.??"]
[EventCountry "ESP"]
[Source "Chess Tigers"]
[SourceDate "2009.01.01"]

1. d4 Nf6 2. c4 g6 3. Nc3 d5 4. Nf3 Bg7 5. Qb3 dxc4 6. Qxc4 O-O 7. e4 a6 8. Be2
b5 9. Qb3 c5 10. dxc5 Bb7 11. O-O Nbd7 (11... Nxe4 12. Nxe4 Bxe4 13. Bg5 (13.
Bf4 Bd5 14. Qe3 Bxb2 15. Rad1 e6 16. Nd4 Bxd4 17. Rxd4 Nc6 18. Rd2 Qf6 19. Rc1
Rfe8 20. h3 e5 21. Bg5 Qe6 22. Bg4 f5 23. Bd1 f4 24. Qc3 Nd4 25. Bxf4 Bxa2 26.
c6 Bc4 27. c7 Qd6 28. Bg3 Re7 29. Qa5 Rc8 30. Bg4 Rcxc7 31. Rcd1 Nb3 32. Rxd6
Nxa5 33. Bh4 Rf7 34. Rxa6 Nc6 35. Rd6 Nb4 36. Ra8+ Kg7 37. Bg3 Nd3 38. Rxd3
Bxd3 39. Bxe5+ Kh6 40. Rd8 Rce7 41. Bd6 Re1+ 42. Kh2 Bf5 43. Bb4 Re6 44. Bd1
Rc6 45. Bb3 Be6 46. Bd2+ Kg7 47. Bxe6 Rxe6 48. Bc3+ Kh6 49. f4 Rc6 50. Bd4 g5
51. fxg5+ Kxg5 52. Rb8 Rf5 53. Rg8+ Rg6 54. Rh8 h5 55. Kg3 Rd5 56. Be3+ Kf6+
57. Kf3 Kg7 58. Rb8 Re6 59. Bf4 Rd3+ 60. Kf2 Rb3 61. Rd8 Re4 62. Bd2 Kf6 63.
Rf8+ Ke6 64. Rh8 Re5 65. Bf4 Rf5 66. g3 Rc5 67. Be3 Rf5+ 68. Bf4 b4 69. Ke2 Ra5
70. Rh6+ Kf7 71. Kd2 Ra2+ 72. Kc1 Rf3 73. Kb1 b3 {0-1 Bareev,E (2729)-Van Wely,
L (2668)/Wijk aan Zee 2003/CBM 093}) 13... Nc6 14. Qe3 Qd5 (14... Bf5 15. Bh6
Bxb2 16. Rad1 Qa5 17. Bxf8 Rxf8 18. Bd3 Bxd3 19. Rxd3 Qxa2 20. Rd2 Qa3 21. Qe4
Rc8 22. Qd5 Na5 23. Ng5 Rf8 24. c6 {1-0 Van Oosterom,J (2684)-Borge,N/Denmark
1998/Corr 2002}) 15. Rad1 Qe6 16. Bh6 Bf5 (16... Bc2 17. Rd2 Qxe3 18. Bxe3 Bf5
19. Rfd1 Rfc8 20. h3 Be6 21. b3 h6 22. g4 g5 23. Bf1 Rab8 24. Bg2 a5 25. Rb1
Bc3 26. Rc2 Bf6 27. a3 Bd5 28. Nd2 Rd8 29. Ne4 Be5 30. Rd2 e6 31. Nd6 Bxg2 32.
Kxg2 Ne7 33. Rbd1 Nd5 34. Rxd5 exd5 35. Rxd5 Bxd6 36. cxd6 f6 37. Bd4 Kf7 38.
Rf5 Rxd6 39. Be5 Rdb6 40. Bxb8 Rxb8 41. a4 bxa4 42. bxa4 Rb3 43. Rxa5 Ra3 44.
Ra8 Kg6 45. a5 h5 46. a6 hxg4 47. hxg4 Kg7 48. f3 Kh7 49. Kf2 Kg6 50. Ke2 Kg7 {
1/2-1/2 Kasimdzhanov,R (2695)-Leko,P (2713)/Wijk aan Zee 2002/CBM 087}) 17.
Bxg7 Qxe3 18. fxe3 Kxg7 19. a3 Rfd8 20. b4 Bc2 21. Rxd8 Rxd8 22. Rc1 Be4 23.
Kf2 Kf6 24. g4 h6 25. h4 Ke6 26. Rd1 Bxf3 27. Rxd8 Bxe2 28. Rc8 Kd7 29. Rxc6
Kxc6 30. Kxe2 f6 31. Kd3 e6 32. Kd4 g5 33. h5 Kd7 34. e4 Kc6 35. e5 f5 36. gxf5
exf5 37. e6 f4 38. Ke4 Kc7 {1/2-1/2 Kasparov,G (2851)-Leko,P (2725)/Linares
2000/CBM 076}) 12. e5 Ng4 $146 (12... Nd5 13. Nxd5 Nxc5 14. Qa3 Qxd5 15. Bg5
Rfe8 16. Rad1 Qe4 17. Rfe1 b4 18. Qa5 Ne6 19. Bc1 Red8 20. Qb6 Rxd1 21. Bxd1
Qc6 22. Qxb4 a5 23. Qc3 Qxc3 24. bxc3 Rc8 25. Bd2 Nc5 26. Bc2 Bd5 27. a3 a4 28.
Rb1 Nb3 29. c4 Bxf3 {0-1 Bareev,E (2729)-Van Wely,L (2668)/Monte Carlo 2003/
CBM 093 ext}) (12... Nxc5 13. Qb4 Nfd7 (13... Nfe4 14. Rd1 a5 15. Qxb5 Nxc3 16.
bxc3 Qc8 17. c4 Ne6 18. Be3 Bc6 19. Qb6 Ra6 20. Qb3 Qc7 21. Rd5 a4 22. Qa3 Raa8
23. Rc1 Rfc8 24. h3 Rab8 25. Rd2 Rb7 26. Rb2 Rxb2 27. Qxb2 Rb8 28. Qc2 Bxe5 29.
Nxe5 Qxe5 30. Rb1 Rxb1+ 31. Qxb1 f5 32. Bf1 f4 33. Bd2 Nd4 34. Qe1 Qxe1 35.
Bxe1 f3 36. Bc3 e5 37. gxf3 Nxf3+ 38. Kh1 Kf7 39. Bg2 Ke6 40. Bxf3 Bxf3+ 41.
Kh2 Be2 42. c5 Kd5 43. a3 {1/2-1/2 Malaniuk,V (2575)-Lputian,S (2500)/Minsk
1987/URS-ch}) 14. Bg5 h6 15. Be3 a5 16. Qh4 b4 17. Nb5 e6 18. Qh3 (18. Qxd8
Rfxd8 19. Rac1 Ne4 20. Bd4 Ng5 21. Ne1 Ba6 22. Nc2 Nxe5 23. Bxe5 Bxe5 24. f4
Rab8 25. fxg5 Bxb5 26. Bxb5 Rxb5 27. gxh6 Bxb2 28. Rcd1 Rxd1 29. Rxd1 a4 30.
Rd8+ Kh7 31. Rd7 b3 32. axb3 axb3 33. Ne3 Kxh6 {0-1 Bekker Jensen,S (2360)
-Khachiyan,M (2478)/Cappelle la Grande 1999/EXT 2000}) 18... h5 19. Nd6 Bd5 20.
Rac1 Na4 21. Bd4 Bxf3 22. Bxf3 Nxe5 23. Bxe5 Bxe5 24. Nc4 Bf4 25. Rcd1 Qc7 26.
Bxa8 Rxa8 27. Qb3 Bxh2+ 28. Kh1 Bf4 29. Qxa4 Qxc4 30. Qb3 Qc7 31. Qf3 Rc8 32.
b3 Be5 33. Rd2 Bc3 34. Rd3 Kg7 35. Rfd1 Rf8 36. g3 Bf6 37. Kg2 Qc2 38. R1d2 Qb1
39. Rd7 Bc3 40. Re2 e5 41. Qd5 Qf5 42. Re3 g5 43. Rf3 Qg6 44. Rd6 Qb1 45. Rdf6
e4 46. Rxf7+ Rxf7 47. Qxf7+ Kh6 48. Qe6+ Kh7 49. Rf7+ Bg7 50. Qf6 {1-0 Dlugy,M
(2550)-Anand,V (2710)/New York 1993/EXT 2002}) 13. e6 Qb8 14. exd7 Bxf3 15. g3
Bxe2 16. Nxe2 Qc7 17. Bf4 Qxd7 18. Rac1 Rac8 19. Rfd1 Qf5 20. Rd5 Qe4 21. f3
Qxe2 22. Rd2 Bd4+ 23. Kh1 Qe6 24. Rxd4 Qc6 25. Qd5 e5 26. Qxc6 Rxc6 27. Rd6
Rxd6 28. cxd6 Nf2+ 29. Kg2 Nd3 30. Rc3 exf4 31. Rxd3 fxg3 32. Kxg3 Kg7 33. Rc3
Rd8 34. Rc6 a5 35. Rb6 1/2-1/2

[Event "XXVI Ciudad de Linares"]
[Site "Linares"]
[Date "2009.03.02"]
[Round "10"]
[White "Grischuk, Alexander"]
[Black "Ivanchuk, Vassily"]
[Result "1/2-1/2"]
[WhiteElo "2733"]
[BlackElo "2779"]
[PlyCount "81"]
[EventDate "2009.??.??"]
[EventCountry "ESP"]
[Source "Chess Tigers"]
[SourceDate "2009.01.01"]

1. e4 e5 2. Nf3 Nf6 3. Nxe5 d6 4. Nf3 Nxe4 5. d4 d5 6. Bd3 Nc6 7. O-O Be7 8. c4
Nb4 9. Be2 O-O 10. Nc3 Bf5 11. a3 Nxc3 12. bxc3 Nc6 13. Re1 Re8 14. cxd5 Qxd5
15. Bf4 Rac8 16. h3 h6 17. g4 Bg6 18. Bf1 Bd6 19. Rxe8+ Rxe8 20. c4 Qe4 21. Be3
Rd8 22. Bg2 Qe7 23. g5 Bc5 24. Ra2 Bh5 25. Rd2 Bxa3 26. gxh6 Bb4 27. Rd3 Rd6
28. c5 Rg6 29. Bf4 Qf6 30. Bg3 gxh6 31. Kh2 a5 32. Qa4 Bxf3 33. Bxf3 Rxg3 34.
fxg3 Nxd4 35. Bg2 c6 36. Qd1 Bxc5 37. Qg4+ Kf8 38. Qc8+ Kg7 39. Qg4+ Kf8 40.
Qc8+ Kg7 41. Qg4+ 1/2-1/2

[Event "XXVI Ciudad de Linares"]
[Site "Linares"]
[Date "2009.03.03"]
[Round "11"]
[White "Ivanchuk, Vassily"]
[Black "Carlsen, Magnus"]
[Result "1/2-1/2"]
[WhiteElo "2779"]
[BlackElo "2776"]
[PlyCount "44"]
[EventDate "2009.??.??"]
[EventCountry "ESP"]
[Source "Chess Tigers"]
[SourceDate "2009.01.01"]

1. d4 d5 2. c4 e6 3. Nf3 Nf6 4. Nc3 Be7 5. Bg5 h6 6. Bh4 O-O 7. e3 Ne4 8. Bxe7
Qxe7 9. Rc1 c6 10. Be2 $5 Nxc3 (10... Nd7 11. O-O Nxc3 12. Rxc3 dxc4 (12... Re8
13. Qc2 dxc4 14. Bxc4 e5 15. d5 Nb6 16. dxc6 bxc6 17. Rc1 Nd5 18. Rb3 a5 19.
Qe4 a4 20. Ra3 Bd7 21. Bxd5 cxd5 22. Qxd5 Rab8 23. Rac3 Bg4 24. b3 axb3 25.
axb3 Rb4 26. Ne1 Rd8 27. Qa5 Rdb8 28. h3 R4b5 29. Qa1 Be6 30. Nf3 Bxb3 31. Rc8+
Rxc8 32. Rxc8+ Kh7 33. Qa8 Rd5 34. Qb8 Ba4 35. e4 Rb5 36. Rh8+ Kg6 37. Qg8 Rb1+
38. Kh2 Bd7 39. Qh7+ Kf6 40. Rg8 Ke6 41. Qxg7 Qf6 42. Qg3 Rb5 43. Ra8 Ke7 44.
Qg8 Qf4+ 45. g3 Qxf3 46. Qd8+ Kd6 47. Ra6+ Kc5 48. Qe7+ Kc4 49. Ra4+ Kc3 50.
Ra3+ Rb3 51. Qxe5+ Kc2 52. Ra2+ Kc1 53. Qa1+ Rb1 54. Qd4 {1-0 Ivanchuk,V (2748)
-Onischuk,A (2640)/Beersheba 2005/CBM 110}) 13. Bxc4 b6 (13... e5 14. d5 (14.
Qb1 e4 15. Nd2 Nf6 16. b4 Nd5 17. Bxd5 cxd5 18. Rfc1 Qd6 19. Qb3 Be6 20. Nb1
Rfc8 21. b5 Rxc3 22. Rxc3 Rc8 23. Rxc8+ Bxc8 24. Qc3 Bd7 25. a4 a6 26. bxa6
Qxa6 27. a5 Qe2 28. Qd2 Qb5 29. Qe1 Qa4 30. h3 Bb5 31. Kh2 Bd3 32. Qc3 Bxb1 33.
Qc8+ Kh7 34. Qf5+ Kg8 35. Qc8+ Kh7 36. Qf5+ {1/2-1/2 Moiseenko,A (2678)-Landa,
K (2613)/Serpukhov 2008/EXT 2009}) (14. e4 exd4 15. Qxd4 Nb6 16. Bb3 Be6 17.
Bxe6 Qxe6 18. a4 Rad8 19. Qb4 Rd7 20. a5 Nc8 21. a6 Nd6 22. e5 Nf5 23. axb7 Rb8
24. Qa4 {1/2-1/2 Skembris,S (2470)-Miladinovic,I (2500)/Limassol 1997/EXT 2003}
) 14... cxd5 15. Qxd5 Re8 16. Qa5 Nf6 17. Bb5 b6 18. Qa4 Rd8 19. Rfc1 Bd7 20.
Bc6 Bxc6 21. Rxc6 Qe8 22. Qc2 Rd7 23. h3 Rad8 24. Qf5 Rd1+ 25. Kh2 Rxc1 26.
Rxc1 e4 27. Nd4 Qe7 28. Qf4 Nd5 29. Qg3 Qd6 30. Qxd6 Rxd6 31. Rc8+ Kh7 32. Re8
Rf6 33. Kg1 Nb4 34. Rxe4 Nd3 35. f4 Nxb2 36. Re7 a6 37. g4 Nd3 38. f5 Kg8 39.
Re8+ Kh7 40. h4 b5 41. Kg2 Rd6 42. Kf3 g5 43. fxg6+ Rxg6 44. h5 Rb6 45. Re7 Kg8
46. Rc7 Nb4 47. a3 Nd3 48. Rc3 Ne5+ 49. Kf4 Nc4 50. Nf5 Kh7 51. e4 f6 52. Rd3
Ne5 53. Rd8 Rc6 54. Ra8 Rc3 55. Ra7+ Kh8 56. Nd4 Rxa3 57. Kf5 b4 58. Kxf6 Ra5
59. Nf5 {1/2-1/2 Morozov,D-Bronnikov,K/RCCA email 2002/Corr 2008}) 14. Bd3 (14.
e4 Bb7 15. Re1 Rfd8 16. Qb1 c5 17. d5 e5 18. g3 g6 19. Nh4 Kg7 20. Ng2 Nf6 21.
Ne3 Ne8 22. Bf1 Nd6 23. b4 cxb4 24. Qxb4 Rac8 25. Rec1 Rxc3 26. Rxc3 Qd7 27. h4
Rc8 28. Bh3 Qxh3 29. Qxd6 Re8 30. Rc7 Ba6 31. Rxa7 Bd3 32. Qc7 Rf8 33. Qxe5+
Kg8 34. Qf4 {1-0 Werle,J (2514)-Gasthofer,A (2416)/Pardubice 2005/CBM 107 ext})
14... c5 15. Be4 (15. Bb5 Rd8 16. Bc6 Ba6 17. Bxa8 Bxf1 18. Qxf1 Rxa8 19. Qa6
e5 20. Qb7 Re8 21. dxc5 Nxc5 22. Qxe7 Rxe7 23. b4 Ne4 24. Rc8+ Kh7 25. g4 Nf6
26. h3 g6 27. Kf1 Kg7 28. Ke2 Ne4 29. Rc4 {1/2-1/2 Ftacnik,L (2535)-Spassky,B 
(2605)/Gjovik 1983/MCL}) 15... Rb8 16. Qc2 (16. Qa4 Bb7 17. Bxb7 Rxb7 18. Qc2
a5 19. a3 Re8 20. dxc5 Nxc5 21. Ne5 a4 22. Rd1 Rd8 23. Rd4 Qe8 24. h3 Rbb8 25.
Rcc4 Rd5 26. Nf3 Rbd8 27. Rxd5 Rxd5 28. Rd4 Qa8 29. Qc4 g6 30. Rxd5 Qxd5 31.
Qxd5 exd5 32. Ne1 Kf8 {1/2-1/2 Lysyj,I (2590)-Lputian,S (2634)/Sochi 2007/CBM
118}) 16... a5 17. Rc1 (17. Rd1 Ba6 18. Bc6 cxd4 19. Nxd4 Nc5 20. a3 Qf6 21.
Bf3 a4 22. Nc6 Ra8 23. Rd6 Bb7 24. Rc4 Rfc8 25. Rf4 Rxc6 26. Bxc6 Qe7 27. Bxb7
Qxb7 28. Rb4 Rc8 29. Rbxb6 Qa8 30. h3 Nb7 31. Rdc6 Rd8 32. Rc7 Na5 33. Qxa4 Rd2
34. Rbc6 Kh7 35. Rc5 Qd8 36. Qxa5 Rd1+ 37. Kh2 Qd6+ 38. f4 Qd3 39. Rc1 Rd2 40.
Qc3 Qe2 41. Rg1 {1-0 L'Ami,E (2610)-Jussupow,A (2587)/Amsterdam 2008/CBM 126})
17... Bb7 18. Bxb7 Rxb7 19. dxc5 Nxc5 20. Ne5 Qf6 21. Nd3 Rd8 22. Nxc5 bxc5 23.
Qe2 Rbd7 24. R3c2 a4 25. g3 Rd5 26. Kg2 g6 27. a3 h5 28. Qf3 Qe5 29. Qf4 Qxf4
30. gxf4 Rb8 31. Rxc5 Rxc5 32. Rxc5 Rxb2 33. Rc4 Ra2 34. Rxa4 Kf8 35. Ra7 Ra1
36. h4 Kg7 37. a4 Ra2 38. Kf3 Kf6 39. a5 Ra3 40. a6 Ra4 41. Ke2 Ra2+ 42. Kd3
Rxf2 43. Rb7 Ra2 44. a7 e5 45. fxe5+ Ke6 46. Kc4 g5 47. hxg5 h4 48. Kb5 Rb2+
49. Kc6 Ra2 50. Kc7 h3 51. Kb8 h2 52. Rb1 {1-0 Karpov,A (2775)-Jussupow,A 
(2680)/Baden-Baden 1995/EXT 1997}) 11. Rxc3 dxc4 12. Rxc4 Nd7 13. O-O e5 14.
Qc2 exd4 15. Nxd4 $146 (15. Rxd4 Nf6 16. Rfd1 Be6 17. b4 Rfd8 18. a3 Rxd4 19.
Rxd4 a5 20. Qb2 axb4 21. Rxb4 b5 22. e4 Qa7 23. e5 Nd5 24. Rb3 Nf4 25. Re3 Bd5
26. Bf1 Qe7 27. Nd4 Qg5 28. g3 Ne6 29. Ne2 Qe7 30. Nc3 Nc7 31. Nxd5 Nxd5 32.
Rd3 Re8 33. f4 Ra8 34. Bg2 Qc5+ 35. Kh1 Qc4 36. Qd2 b4 37. Bxd5 cxd5 38. axb4
Qe4+ 39. Kg1 Ra1+ 40. Kf2 Rh1 41. Qe3 Rxh2+ 42. Kf1 Qg2+ 43. Ke1 Qh1+ {0-1
Bacrot,E (2707)-Roiz,M (2611)/Rishon Le Ziyyon 2006/CBM 114 ext}) 15... Nb6 16.
Rc5 Nd7 17. Ra5 Nf6 18. Rc1 Bg4 19. Bf1 Bd7 20. Nf3 Bg4 21. Nd4 Bd7 22. Nf3 Bg4
1/2-1/2

[Event "XXVI Ciudad de Linares"]
[Site "Linares"]
[Date "2009.03.03"]
[Round "11"]
[White "Wang, Yue"]
[Black "Anand, Viswanathan"]
[Result "1/2-1/2"]
[WhiteElo "2739"]
[BlackElo "2791"]
[PlyCount "54"]
[EventDate "2009.??.??"]
[EventCountry "ESP"]
[Source "Chess Tigers"]
[SourceDate "2009.01.01"]

1. d4 Nf6 2. c4 e6 3. Nc3 Bb4 4. Nf3 b6 5. Bg5 Bb7 6. e3 h6 7. Bh4 Bxc3+ 8.
bxc3 d6 9. Nd2 g5 10. Bg3 Nbd7 11. f3 (11. h4 Rg8 12. hxg5 (12. Rb1 Qe7 13. Be2
Bxg2 14. Rh2 Be4 15. hxg5 hxg5 16. Bf3 Bxb1 17. Bxa8 Bg6 18. Qf3 Kf8 19. Qb7
Nh5 20. Qxc7 Nxg3 21. Bc6 Nf6 22. Qxe7+ Kxe7 23. fxg3 Ng4 24. Rh1 Nxe3 25. Ke2
Ng4 26. a4 f5 27. Bf3 Nf6 28. a5 e5 29. Kf2 e4 30. Bg2 Re8 31. axb6 axb6 32.
Ra1 f4 33. Ke1 f3 34. Bf1 Bh5 {0-1 Hillarp Persson,T (2475)-Hansen,C (2605)/
Torshavn 1997/CBM 056 ext}) 12... hxg5 13. Qc2 (13. Qa4 Ke7 14. f3 c5 15. O-O-O
Qc7 16. Nb3 e5 17. Bd3 Rh8 18. Rhe1 g4 19. f4 Bxg2 20. fxe5 dxe5 21. dxe5 Nxe5
22. Nd4 Nxd3+ 23. Rxd3 Qd7 24. Bd6+ Ke8 25. Nb5 Bc6 26. Qc2 Bxb5 27. cxb5 Qe6
28. e4 Rd8 29. e5 Nd5 30. Red1 Nf4 31. R3d2 Qc4 32. e6 Nxe6 33. Be5 Ke7 34. Qf5
{1-0 Sedlak,N (2561)-Anastasian,A (2587)/Moscow 2007/CBM 117}) 13... Qe7 14. e4
O-O-O 15. Be2 e5 16. f3 Rh8 17. Rxh8 Rxh8 18. Nf1 Nh5 19. O-O-O g4 20. Bf2 Nf4
21. Ne3 Nxe2+ 22. Qxe2 gxf3 23. gxf3 Rh2 24. Rg1 Qe8 25. Qe1 Ba6 26. Rh1 Rxh1
27. Qxh1 Nb8 28. Qd1 Qh8 29. d5 Qh2 30. Qg1 Qh3 31. Qg8+ Kb7 32. Qxf7 Qh1+ 33.
Kd2 Qb1 34. Nf5 Qxa2+ 35. Ke3 Qa3 36. Kd3 Bxc4+ 37. Kxc4 Qa6+ 38. Kb3 Qb5+ 39.
Kc2 Qe2+ 40. Kb3 Qb5+ {1/2-1/2 Miles,A (2610)-Sokolov,A (2595)/Bugojno 1986/MCL
}) 11... Qe7 (11... Nh5 12. Bf2 f5 13. Bd3 Qf6 14. Qa4 Qg7 15. O-O-O O-O 16. h3
Nhf6 17. Rhe1 c5 18. Qc2 Rae8 19. Re2 h5 20. Bg3 Qe7 21. h4 gxh4 22. Bxh4 Qg7
23. Rh1 Kf7 24. d5 exd5 25. Bxf5 Ne5 26. cxd5 Bxd5 27. Bxf6 Kxf6 28. Rxh5 Rh8
29. Bh7 Bf7 30. Rh3 Ke7 31. Bf5 Kd8 32. f4 Nc6 33. Ne4 Kc7 34. Qd2 Rd8 35. Rxh8
Qxh8 36. g4 Na5 37. Rh2 Qg8 38. Rh7 Kb8 39. Nf6 Qf8 40. Nd7+ Rxd7 41. Bxd7 Nc4
42. Qh2 Qe7 43. Qe2 d5 44. Ba4 Nd6 45. g5 Ne4 46. Qa6 Qe6 47. Rh8+ Bg8 48. Bd7
{1-0 Miles,A (2565)-Seirawan,Y (2595)/Sarajevo 1987/CBM 005}) 12. Qa4 Nh5 $5 (
12... Kf8 13. Bd3 (13. e4 Kg7 14. Bd3 Nh5 15. Bf2 a6 16. g3 c5 17. O-O Rhf8 18.
Qc2 Rac8 19. Rae1 Kh8 20. Kg2 Rg8 21. Qd1 Rcf8 22. h3 Rg7 {1/2-1/2 Horvath,P 
(2465)-Polak,T (2510)/Split 2007/CBM 118 ext}) 13... Kg7 14. Bf2 c5 (14... Nf8
15. h4 Ng6 16. hxg5 hxg5 17. Rxh8 Nxh8 18. O-O-O Ng6 19. Rh1 a6 20. Qc2 Rh8 21.
Rxh8 Nxh8 22. Kb2 Nd7 23. e4 f6 24. Nf1 Nf7 25. Ng3 Nf8 26. Qd1 Qe8 27. Bc2 Nd8
{1/2-1/2 Pinter,J (2556)-Tukmakov,V (2582)/Pula 2000/CBM 078 ext}) 15. O-O Nh5
16. Rfe1 Rhe8 17. Qc2 Nf8 18. a4 Qc7 19. Qa2 f5 20. d5 Qf7 21. Qc2 f4 22. dxe6
Rxe6 23. Be4 Rae8 24. exf4 Nxf4 25. Bxb7 Qxb7 26. Rxe6 Rxe6 27. Ne4 N8g6 28.
Bg3 Qa6 29. Rd1 Qxc4 30. Rxd6 Rxd6 31. Nxd6 Qd3 32. Qxd3 Nxd3 33. Nc8 Nb2 34.
Nxa7 Nxa4 35. Nb5 Kf6 36. Kf2 Ke6 37. Ke3 Kd5 38. Kd3 Nb2+ 39. Kc2 Nc4 40. Kd3
Nb2+ 41. Kc2 Nc4 42. Kd3 Nce5+ 43. Kc2 Kc6 44. Na7+ Kd7 45. Nb5 h5 46. Kd2 Kc6
47. Na7+ Kd5 48. Bxe5 Nxe5 49. Nc8 b5 50. Nb6+ Kc6 51. Nc8 b4 52. Kc2 Kb5 53.
Nd6+ Ka4 54. cxb4 cxb4 55. Ne4 b3+ 56. Kb1 Nc4 57. Nxg5 b2 58. Ne4 Kb3 59. Nc5+
Kc3 60. Ne4+ Kb3 {1/2-1/2 Pinter,J (2575)-Bauer,C (2505)/France 1997/EXT 1999})
(12... e5 13. e4 c5 14. dxe5 dxe5 15. Be2 Nh5 16. Nf1 f5 17. exf5 O-O 18. O-O-O
Ndf6 19. Ne3 Nf4 20. Rhe1 e4 21. Qc2 Rad8 22. Nd5 Bxd5 23. cxd5 e3 24. d6 Qe5
25. Bc4+ Kg7 26. Rd3 e2 27. Rd2 Qe3 28. Kb2 b5 29. Rexe2 Nxe2 30. Rxe2 Qg1 31.
Re7+ Kh8 32. Bf7 b4 33. Qe2 bxc3+ 34. Kc2 {1-0 Pinter,J (2550)-Shariyazdanov,A
(2582)/Pula 2001/CBM 084 ext}) (12... c5 13. Bd3 a6 14. O-O-O (14. dxc5 dxc5
15. O-O-O Nh5 16. Bc7 Rc8 17. Bg3 f5 18. Bc2 Bc6 19. Qa3 O-O 20. Nb3 Nxg3 21.
hxg3 Qf6 22. Nd2 Ne5 23. e4 Rcd8 24. exf5 exf5 25. Nb1 Bb7 26. Qa4 f4 27. g4
Kg7 28. Rhe1 Rxd1+ 29. Rxd1 Rd8 30. Re1 Qe6 31. Re2 Qd6 32. Rd2 Qc7 33. Re2 Bc6
34. Qb3 Be8 35. Nd2 Bf7 36. Qa4 Nd3+ 37. Kb1 b5 38. cxb5 axb5 39. Qe4 c4 40.
Ka1 Qc5 41. Bxd3 cxd3 42. Qe5+ Qxe5 43. Rxe5 Ra8 44. c4 bxc4 45. Kb2 Rxa2+ {
0-1 Horvath,P (2489)-Berkes,F (2511)/Balatonlelle 2002/CBM 090}) 14... O-O-O
15. Bf2 Kc7 16. e4 e5 17. Nf1 Qf8 18. Ng3 Ng8 19. Nf5 Ne7 20. Ne3 exd4 21. cxd4
cxd4 22. Nd5+ Nxd5 23. cxd5 Nc5 24. Qxd4 Kb8 25. Bc2 Rc8 26. Kb1 f6 27. h4 Qe7
28. Qb2 b5 29. Bd4 Rhf8 30. hxg5 hxg5 31. Rh6 f5 32. Rxd6 fxe4 33. fxe4 Qe8 34.
Rf6 Rxf6 35. Bxf6 Qh5 36. Qe5+ Ka8 37. Qxg5 Qe2 38. Qd2 Qc4 39. Qd4 Qe2 40. Qd2
Qc4 41. Re1 b4 42. Qe2 Qxe2 43. Rxe2 a5 44. Bd4 Ba6 45. Rd2 Bc4 46. Bxc5 Rxc5
47. d6 Rc8 48. d7 Rd8 49. e5 Be6 50. Rd6 {1-0 Horvath,P (2514)-Zsinka,L (2359)/
Oberwart 2002/CBM 089 ext}) 13. Bf2 f5 14. Bd3 (14. O-O-O a6 15. Bd3 {1/2-1/2
Elsness,F (2250)-Gausel,E (2490)/Gausdal 1995/EXT 1997}) 14... O-O $146 (14...
a5 15. Nb3 O-O-O 16. Rb1 Ndf6 17. c5 Qd7 18. Qxd7+ Nxd7 19. cxb6 cxb6 20. Ke2
Rhg8 21. h3 Nhf6 22. Nd2 Kc7 23. Rb2 h5 24. c4 g4 25. hxg4 hxg4 26. Rbb1 Rh8
27. Rbf1 Rdg8 28. Nb1 Nh5 29. Nc3 Ndf6 30. Nb5+ Kd7 31. Nc3 gxf3+ 32. gxf3 Rg2
33. Rhg1 Rhg8 34. Rxg2 Rxg2 35. Rg1 Ng3+ 36. Ke1 Rxg1+ 37. Bxg1 Bxf3 38. Na4
Kc6 39. Nc3 Nge4 40. Nxe4 Bxe4 41. Be2 d5 42. a3 dxc4 43. Bxc4 Bd5 44. Bd3 b5
45. Kd2 Bc4 46. Bb1 Ng4 47. Kc3 Kd5 48. Bc2 Ba2 49. Kb2 Bc4 50. Kc3 Bf1 51.
Bb3+ Kd6 52. Bc2 Bg2 53. Bb3 Ke7 54. Bc2 Be4 55. Bd1 Kf6 56. Be2 Bc6 57. Bxg4
fxg4 58. Bh2 Kf5 59. Kd3 b4 60. axb4 Bb5+ 61. Kc3 a4 62. Be5 Ke4 63. Bf4 Kf3
64. Kc2 g3 65. Kd2 g2 66. Bh2 Kf2 67. e4 {0-1 Guramishvili,S (2302)-Czakon,J 
(2510)/Barbera del Valles 2008/CBM 125 Extra}) (14... c5 15. g4 Ng7 16. h4
O-O-O 17. gxf5 exf5 18. O-O-O Kb8 19. Rde1 Nf6 20. Qc2 Qd7 21. d5 Rdf8 22. Kb2
g4 23. a4 gxf3 24. Nxf3 Ne4 25. Bg1 Nh5 26. Bh2 Rhg8 27. Rhg1 Qe7 28. Nd2 Nhg3
29. Nxe4 Nxe4 30. Bf4 h5 31. Bxe4 fxe4 32. Qh2 Kc7 33. Rg5 Ba6 34. Reg1 Rxg5
35. Rxg5 Bxc4 36. Bxd6+ Qxd6 37. Rg7+ Kc8 38. Qxd6 {1/2-1/2 Wemmers,X (2414)
-Henrichs,T (2457)/Belgium 2005/EXT 2007}) 15. Qc2 c5 16. h3 Ng7 17. a4 e5 18.
d5 Bc8 19. e4 f4 20. a5 Rb8 21. axb6 axb6 22. Nb1 Nf6 23. Na3 Bd7 24. Kd2 Ra8
25. Nb5 h5 26. Qb2 Bxb5 27. cxb5 Rxa1 1/2-1/2

[Event "XXVI Ciudad de Linares"]
[Site "Linares"]
[Date "2009.03.03"]
[Round "11"]
[White "Grischuk, Alexander"]
[Black "Radjabov, Teimour"]
[Result "1/2-1/2"]
[WhiteElo "2733"]
[BlackElo "2760"]
[PlyCount "88"]
[EventDate "2009.??.??"]
[EventCountry "ESP"]
[Source "Chess Tigers"]
[SourceDate "2009.01.01"]

1. d4 Nf6 2. Nf3 g6 3. c4 Bg7 4. Nc3 O-O 5. e4 d6 6. Be2 e5 7. O-O Nc6 8. d5
Ne7 9. b4 Nh5 10. Re1 f5 11. Ng5 Nf6 12. f3 Kh8 13. c5 h6 (13... dxc5 14. bxc5
h6 15. Ne6 Bxe6 16. dxe6 Qd4+ 17. Qxd4 exd4 18. Nb5 fxe4 19. fxe4 d3 20. Bf3 a6
21. Nxc7 Rac8 22. e5 Nfg8 23. Nd5 Nxd5 24. Bxd5 Rfd8 25. Bxb7 Rc7 26. Bf3 d2
27. Bxd2 Rxd2 28. c6 Ne7 29. Rab1 Rd8 30. Rb7 Rdc8 31. Rd1 Bxe5 32. Rd7 Rxb7
33. cxb7 Re8 34. Rd3 a5 35. Ra3 Bc7 36. Rc3 Bd6 37. Rd3 Bc5+ 38. Kf1 Kg7 39.
Rb3 Bb4 40. Ke2 Kf6 41. Kd3 Kxe6 42. Kc4 Kd7 43. Kb5 Kc7 44. a3 Bd6 45. h3 Nf5
46. Kxa5 Kb8 47. Rc3 Bc7+ 48. Kb4 Nd4 49. Bd5 Re5 50. Kc4 Nf5 51. Bf3 Nd6+ 52.
Kd3 Ra5 53. Rb3 h5 54. Ke2 Nc4 55. h4 Ne5 56. g3 Nxf3 57. Kxf3 Bd6 58. Kg2 Ra6
59. a4 Bc7 60. Rb4 Rc6 61. g4 hxg4 62. Rxg4 Kxb7 63. Rg5 Bd8 64. Rb5+ Kc8 65.
h5 g5 66. a5 Rh6 67. Kg3 Rxh5 68. a6 Rh7 69. Rc5+ Rc7 70. a7 Kb7 {0-1 Gyimesi,
Z (2602)-Radjabov,T (2667)/Moscow 2005/CBM 106}) (13... Nh5 14. Bc4 Nf4 15. g3
h6 16. Ne6 Nxe6 17. dxe6 fxe4 18. fxe4 Nc6 {1/2-1/2 Shneider,A (2497)-Efimenko,
Z (2599)/Istanbul 2003/CBM 096}) 14. Ne6 Bxe6 15. dxe6 d5 16. exd5 Nfxd5 17.
Nxd5 Qxd5 (17... Nxd5 18. Qb3 c6 19. Bc4 a5 20. Bb2 a4 21. Qd1 Qc7 22. Bxd5
Rfd8 23. Bc4 Rxd1 24. Raxd1 Rd8 25. Be2 b5 26. cxb6 Qxb6+ 27. Kf1 Re8 28. Bc3
c5 29. bxc5 Qxc5 30. Ba1 Rxe6 31. Rc1 Qf8 32. Bb5 Qa8 33. Rc4 Qb7 34. Bxa4 e4
35. Bxg7+ Kxg7 36. fxe4 fxe4 37. Kg1 h5 38. Bb3 Qb6+ 39. Kh1 Qf2 40. Rcc1 Rc6
41. Rb1 Rf6 42. Bc4 e3 43. a4 Qc2 44. Bd5 Qxa4 45. Bf3 Qf4 46. Rb7+ Kh6 47. Re7
Ra6 48. Re4 Qg5 49. h3 Ra3 50. Kh2 Qc5 51. h4 Qc3 52. R1xe3 Qxe3 53. Rxe3 Rxe3
54. Bb7 Kg7 55. Bc8 Rc3 56. Bd7 Kf6 57. Bb5 Rb3 58. Bd7 Re3 59. Bc8 Ke5 60. Bd7
Kf4 61. Bc8 Re4 62. Bd7 Ke3 63. Kg3 Ke2 64. Bb5+ Ke1 65. Bd7 Kf1 66. Bc6 Rg4+
67. Kh3 Kf2 68. Bd5 Rf4 69. Bc6 Rf6 70. Be4 Rd6 71. Bb7 Rd1 72. Kh2 Rd7 73. Bc6
Re7 74. Bd5 Re5 75. Bc6 Ke3 76. Bd7 Kf4 77. Bc8 Re7 78. Bh3 Rc7 79. Be6 Ke5 80.
Ba2 Rc2 81. Bb1 Rc6 82. Kg3 Rb6 83. Ba2 Kf5 84. Bf7 Rd6 85. Be8 Rd8 86. Bf7
Rd3+ 87. Kh2 Rc3 88. Be8 Rc4 89. Bd7+ Kf4 90. Kh3 Rc1 91. Kh2 Rc7 92. Be6 Re7
93. Bc8 Ke3 94. Kg3 Re4 95. Bd7 Rg4+ 96. Bxg4 {1-0 Knoll,H (2361)-Uhlmann,W 
(2451)/Ansfelden 2003/CBM 096 ext}) 18. Qb3 (18. Qxd5 Nxd5 19. Bc4 Nxb4 20. Rb1
Nc6 21. Bd5 (21. Be3 Rab8 22. Rbd1 Rfd8 23. Rd7 Rxd7 24. exd7 Bf8 25. f4 e4 26.
Rb1 Rd8 27. Be6 Bg7 28. Rxb7 Nd4 29. Bc4 Nc2 30. Rxc7 Nxe3 31. Rc8 Bf6 32. c6
Kh7 33. Be6 Nc2 34. c7 e3 {1-0 Korobov,A (2590)-Huschenbeth,N (2414)/Pardubice
2008/CBM 125 Extra}) 21... Rfd8 22. Bxc6 bxc6 23. Rb7 Re8 24. Rxc7 Rxe6 25. Rd1
Bf8 26. Be3 f4 27. Bf2 Kg8 28. a4 a5 29. h4 Rb8 30. Ra7 e4 31. fxe4 Rxe4 32.
Rxa5 Re2 33. Kf1 Ra2 34. Be1 f3 35. gxf3 Rbb2 36. Rd4 h5 37. Ra8 Rh2 38. Kg1
Rag2+ {1/2-1/2 Rechlis,G (2530)-Avrukh,B (2584)/Israel 2003/CBM 094}) 18...
Qxb3 19. axb3 Nc6 20. Ra4 Rfe8 $146 (20... a5 21. b5 Nd4 22. Bc4 Rfe8 23. Be3
Nc2 24. Re2 Nxe3 25. Rxe3 e4 26. Bd5 Rad8 27. fxe4 fxe4 28. Bxe4 Rxe6 29. Rd3
Rxd3 30. Bxd3 Bf8 31. c6 bxc6 32. Rxa5 Bc5+ 33. Kf1 Rf6+ 34. Ke2 Bb6 35. Ra8+
Kg7 36. Be4 cxb5 37. Re8 Rf2+ 38. Kd3 Rb2 39. Kc3 Re2 40. Bc6 Ra2 41. Kb4 Rc2
42. Re6 Bc5+ {1/2-1/2 Gyimesi,Z (2616)-Volokitin,A (2645)/Germany 2007/CBM 118}
) 21. Bc4 a6 22. b5 axb5 23. Rxa8 Rxa8 24. Bxb5 Re8 25. Rd1 Rxe6 26. Rd7 Bf8
27. Rxc7 Bxc5+ 28. Kf1 Re7 29. Rxe7 Bxe7 30. Bb2 Nd4 31. Bxd4 exd4 32. g4 Kg7
33. gxf5 gxf5 34. Bd3 Kf6 35. h3 Kg5 36. Ke2 Kf4 37. Bc2 h5 38. Bd3 Bf8 39. Kf2
Kg5 40. Kf1 Bc5 41. Ke2 h4 42. Bc2 f4 43. Kd3 b5 44. Ke4 b4 1/2-1/2